| 000 | 00452nam a2200181Ia 4500 | ||
|---|---|---|---|
| 001 | 16011 | ||
| 005 | 20260306170238.0 | ||
| 008 | 260306t2011||||xx |||||||||||||| ||und|| | ||
| 041 | _aESP | ||
| 082 |
_a346.52 _bM33 |
||
| 100 |
_aMazzinghi, Jorge Adolfo (h.) _eAUT |
||
| 245 | 0 |
_aLa culpa: _bFundamento de la responsabilidad civil |
|
| 260 | _c2011 | ||
| 300 |
_axxi, 204 p _c26 cm. |
||
| 650 | _aGEN | ||
| 654 | _aCDE | ||
| 942 |
_cLIB _dJUS _fJUS _2ddc _n |
||
| 999 |
_c16011 _d16011 |
||